00977nam a22001577a 4500003000900000005001700009008004100026040001300067100005900080245006900139250000600208260002200214300002000236490002400256520053900280IT-RoPau20220918175937.0130108b xxu||||| |||| 00| 0 eng d cIT-RoPau aAlberione [ James] GiacomoqFondatore Famiglia Paolina aInsights into Religious Life.bBy Rev. James Alberione, SSP, STD aI aBostonbFSPc1977 a152 p.c18,5 cm aSt. Paul EditionvI a CONTENTS A Lively, Costant and Predominant Desire Advancing in the Spiritual Life The Real Holocaust Jesus, Model of Obedience Good Communiting Living A Lifetime of Service A Lifetime of Fidelity Live in Joy Let Us Work for Heaven! The Holy Spirit Gives Us Spirit Contemplating Jesus and Mary in the Rosary The Joyful Mysteries and Religious Life The Sorrowful Mysteries and Religious Life The Glorious Mysteries and Religious Life Mary Mother of Beautiful Vocations